[Event "Blitz 2018"]
[Site "Saint-Petersburg"]
[Date "2018.12.29"]
[Round "11"]
[Board "57"]
[White "Pantsulaia Levan (GEO)"]
[Black "Iljiushenok Ilia (RUS)"]
[Result "1-0"]
[LiveChessVersion "1.4.8"]
[BlackElo "2467"]
[WhiteElo "2584"]

1. Nf3 {[%clk 0:03:03]} Nf6 {[%clk 0:03:03]} 2. g3 {[%clk 0:03:04]} g6
{[%clk 0:03:04]} 3. b3 {[%clk 0:03:05]} Bg7 {[%clk 0:03:05]} 4. Bb2
{[%clk 0:03:06]} O-O {[%clk 0:03:04]} 5. Bg2 {[%clk 0:03:07]} d6 {[%clk 0:03:05]}
6. d4 {[%clk 0:03:08]} c5 {[%clk 0:03:06]} 7. O-O {[%clk 0:03:00]} cxd4
{[%clk 0:03:06]} 8. Nxd4 {[%clk 0:03:01]} d5 {[%clk 0:03:07]} 9. c4
{[%clk 0:03:01]} e5 {[%clk 0:03:07]} 10. Nf3 {[%clk 0:02:59]} e4 {[%clk 0:03:07]}
11. Nd4 {[%clk 0:02:54]} dxc4 {[%clk 0:03:06]} 12. Nd2 {[%clk 0:02:53]} cxb3
{[%clk 0:02:53]} 13. Qxb3 {[%clk 0:02:53]} Re8 {[%clk 0:02:42]} 14. e3
{[%clk 0:02:52]} Na6 {[%clk 0:01:57]} 15. Rac1 {[%clk 0:02:53]} b6
{[%clk 0:01:51]} 16. Ba3 {[%clk 0:02:00]} Bb7 {[%clk 0:01:45]} 17. Nc4
{[%clk 0:02:01]} Bd5 {[%clk 0:01:37]} 18. Qa4 {[%clk 0:01:48]} Nc5
{[%clk 0:01:31]} 19. Bxc5 {[%clk 0:01:48]} bxc5 {[%clk 0:01:32]} 20. Nb3
{[%clk 0:01:49]} Qe7 {[%clk 0:01:23]} 21. Rfd1 {[%clk 0:01:33]} Rac8
{[%clk 0:01:15]} 22. Rd2 {[%clk 0:01:26]} Qe6 {[%clk 0:00:55]} 23. Nca5
{[%clk 0:01:19]} c4 {[%clk 0:00:53]} 24. Nd4 {[%clk 0:01:09]} Qa6
{[%clk 0:00:50]} 25. Qb5 {[%clk 0:01:04]} Qb6 {[%clk 0:00:36]} 26. Bf1
{[%clk 0:00:29]} Rc5 {[%clk 0:00:37]} 27. Qxb6 {[%clk 0:00:30]} axb6
{[%clk 0:00:38]} 28. Nxc4 {[%clk 0:00:30]} b5 {[%clk 0:00:28]} 29. Nxb5
{[%clk 0:00:26]} Rxb5 {[%clk 0:00:21]} 30. Nd6 {[%clk 0:00:27]} Rbb8
{[%clk 0:00:21]} 31. Nxe8 {[%clk 0:00:28]} Rxe8 {[%clk 0:00:22]} 32. a4
{[%clk 0:00:25]} Ra8 {[%clk 0:00:23]} 33. Bb5 {[%clk 0:00:24]} Be6
{[%clk 0:00:18]} 34. Rcd1 {[%clk 0:00:24]} Bf8 {[%clk 0:00:11]} 35. Rd8
{[%clk 0:00:24]} Ra7 {[%clk 0:00:12]} 36. Ra1 {[%clk 0:00:17]} Kg7
{[%clk 0:00:11]} 37. a5 {[%clk 0:00:18]} Nd5 {[%clk 0:00:11]} 38. a6
{[%clk 0:00:17]} Nc7 {[%clk 0:00:12]} 39. Bf1 {[%clk 0:00:16]} Be7
{[%clk 0:00:12]} 40. Rb8 {[%clk 0:00:17]} Bd5 {[%clk 0:00:11]} 41. h4
{[%clk 0:00:10]} h5 {[%clk 0:00:13]} 42. Rb6 {[%clk 0:00:11]} Bc5
{[%clk 0:00:12]} 43. Rb2 {[%clk 0:00:12]} Bd6 {[%clk 0:00:06]} 44. Ra5
{[%clk 0:00:10]} Ba8 {[%clk 0:00:04]} 45. Rb6 {[%clk 0:00:10]} Be7
{[%clk 0:00:04]} 46. Bc4 {[%clk 0:00:09]} Bd8 {[%clk 0:00:05]} 47. Ra2
{[%clk 0:00:10]} Ne6 {[%clk 0:00:05]} 48. Rb8 {[%clk 0:00:10]} Bc7
{[%clk 0:00:05]} 49. Rc8 {[%clk 0:00:10]} Nc5 {[%clk 0:00:06]} 50. Rd2
{[%clk 0:00:08]} Bb6 {[%clk 0:00:05]} 51. Rd6 {[%clk 0:00:09]} Bc7
{[%clk 0:00:06]} 52. Rd4 {[%clk 0:00:09]} Bb6 {[%clk 0:00:07]} 53. Bb5
{[%clk 0:00:08]} Nxa6 {[%clk 0:00:06]} 54. Ra4 {[%clk 0:00:09]} Bb7
{[%clk 0:00:07]} 55. Rc2 {[%clk 0:00:07]} Nc5 {[%clk 0:00:07]} 56. Rxa7
{[%clk 0:00:07]} Bxa7 {[%clk 0:00:09]} 57. Rd2 {[%clk 0:00:08]} Bb8
{[%clk 0:00:07]} 58. Rc2 {[%clk 0:00:09]} Bd6 {[%clk 0:00:08]} 59. Rd2
{[%clk 0:00:10]} Be7 {[%clk 0:00:09]} 60. Ra2 {[%clk 0:00:10]} f5
{[%clk 0:00:09]} 61. Bc4 {[%clk 0:00:11]} Kf6 {[%clk 0:00:10]} 62. Ra7
{[%clk 0:00:11]} Bc8 {[%clk 0:00:09]} 63. Kg2 {[%clk 0:00:11]} Be6
{[%clk 0:00:09]} 64. Bxe6 {[%clk 0:00:12]} Nxe6 {[%clk 0:00:10]} 65. Ra6
{[%clk 0:00:12]} Ke5 {[%clk 0:00:10]} 66. Kf1 {[%clk 0:00:13]} g5
{[%clk 0:00:10]} 67. hxg5 {[%clk 0:00:13]} Bxg5 {[%clk 0:00:10]} 68. Ke2
{[%clk 0:00:14]} Nc5 {[%clk 0:00:07]} 69. Rg6 {[%clk 0:00:14]} Ne6
{[%clk 0:00:07]} 70. Rg8 {[%clk 0:00:13]} h4 {[%clk 0:00:06]} 71. gxh4
{[%clk 0:00:14]} Bxh4 {[%clk 0:00:07]} 72. Ra8 {[%clk 0:00:14]} Be7
{[%clk 0:00:07]} 73. Ra5+ {[%clk 0:00:14]} Bc5 {[%clk 0:00:08]} 74. Kf1
{[%clk 0:00:07]} Kd5 {[%clk 0:00:07]} 75. Ke2 {[%clk 0:00:07]} Ng5
{[%clk 0:00:04]} 76. Ra8 {[%clk 0:00:07]} Nf3 {[%clk 0:00:04]} 77. Rd8+
{[%clk 0:00:07]} Bd6 {[%clk 0:00:05]} 78. Ra8 {[%clk 0:00:07]} Ke6
{[%clk 0:00:06]} 79. Ra6 {[%clk 0:00:08]} Ne5 {[%clk 0:00:07]} 80. Kf1
{[%clk 0:00:08]} Nd3 {[%clk 0:00:07]} 81. Ke2 {[%clk 0:00:08]} Nc5
{[%clk 0:00:07]} 82. Ra8 {[%clk 0:00:09]} Ke5 {[%clk 0:00:07]} 83. Re8+
{[%clk 0:00:09]} Kd5 {[%clk 0:00:08]} 84. Kf1 {[%clk 0:00:10]} Ne6
{[%clk 0:00:08]} 85. Ke2 {[%clk 0:00:11]} Bc5 {[%clk 0:00:08]} 86. f3
{[%clk 0:00:06]} exf3+ {[%clk 0:00:05]} 87. Kxf3 {[%clk 0:00:07]} Bd6
{[%clk 0:00:06]} 88. Ra8 {[%clk 0:00:07]} Ng5+ {[%clk 0:00:07]} 89. Ke2
{[%clk 0:00:08]} Ne4 {[%clk 0:00:08]} 90. Ra5+ {[%clk 0:00:08]} Bc5
{[%clk 0:00:09]} 91. Kf3 {[%clk 0:00:09]} Ke6 {[%clk 0:00:10]} 92. Ra6+
{[%clk 0:00:10]} Ke5 {[%clk 0:00:11]} 93. Ra5 {[%clk 0:00:11]} Ke6
{[%clk 0:00:11]} 94. Ra6+ {[%clk 0:00:12]} Kd5 {[%clk 0:00:11]} 95. Ra5
{[%clk 0:00:12]} Nd6 {[%clk 0:00:09]} 96. Kf4 {[%clk 0:00:10]} Nc4
{[%clk 0:00:03]} 97. Rxc5+ {[%clk 0:00:08]} 1-0

[Event "Blitz 2018"]
[Site "Saint-Petersburg"]
[Date "2018.12.29"]
[Round "11"]
[Board "58"]
[White "Najer Evgeniy (RUS)"]
[Black "Abdusattorov Nodirbek (UZB)"]
[Result "1-0"]
[LiveChessVersion "1.4.8"]
[BlackElo "2469"]
[WhiteElo "2573"]

1. e4 {[%clk 0:03:03]} c5 {[%clk 0:03:03]} 2. Nf3 {[%clk 0:03:04]} d6
{[%clk 0:03:02]} 3. d4 {[%clk 0:03:03]} cxd4 {[%clk 0:03:03]} 4. Qxd4
{[%clk 0:03:03]} Nf6 {[%clk 0:02:58]} 5. Be2 {[%clk 0:03:04]} Nc6
{[%clk 0:02:56]} 6. Qe3 {[%clk 0:03:04]} g6 {[%clk 0:02:55]} 7. O-O
{[%clk 0:03:05]} Bg7 {[%clk 0:02:57]} 8. Rd1 {[%clk 0:03:06]} O-O
{[%clk 0:02:55]} 9. h3 {[%clk 0:03:07]} Be6 {[%clk 0:02:45]} 10. Nc3
{[%clk 0:03:02]} Nd7 {[%clk 0:02:41]} 11. a3 {[%clk 0:02:57]} Rc8
{[%clk 0:02:41]} 12. Rb1 {[%clk 0:02:49]} a6 {[%clk 0:02:39]} 13. Nd5
{[%clk 0:02:40]} Bxd5 {[%clk 0:02:35]} 14. exd5 {[%clk 0:02:41]} Nce5
{[%clk 0:02:36]} 15. c3 {[%clk 0:02:28]} Nc4 {[%clk 0:02:25]} 16. Qe4
{[%clk 0:02:25]} Nce5 {[%clk 0:02:08]} 17. Qh4 {[%clk 0:02:01]} Nxf3+
{[%clk 0:02:08]} 18. Bxf3 {[%clk 0:02:02]} Ne5 {[%clk 0:02:07]} 19. Be2
{[%clk 0:02:04]} Bf6 {[%clk 0:02:04]} 20. Qe4 {[%clk 0:02:03]} Re8
{[%clk 0:02:01]} 21. Be3 {[%clk 0:02:02]} Nd7 {[%clk 0:01:54]} 22. Qb4
{[%clk 0:01:52]} Qc7 {[%clk 0:01:50]} 23. Re1 {[%clk 0:01:43]} Nc5
{[%clk 0:01:36]} 24. Rbd1 {[%clk 0:01:42]} Be5 {[%clk 0:01:25]} 25. Qh4
{[%clk 0:01:38]} Bf6 {[%clk 0:01:24]} 26. Qb4 {[%clk 0:01:39]} Be5
{[%clk 0:01:25]} 27. Qh4 {[%clk 0:01:36]} Bf6 {[%clk 0:01:25]} 28. Qg4
{[%clk 0:01:37]} Nd7 {[%clk 0:01:20]} 29. Qb4 {[%clk 0:01:35]} Ne5
{[%clk 0:01:13]} 30. Qe4 {[%clk 0:01:30]} Nc4 {[%clk 0:01:08]} 31. Bc1
{[%clk 0:01:30]} b5 {[%clk 0:01:07]} 32. h4 {[%clk 0:01:29]} e5 {[%clk 0:00:57]}
33. h5 {[%clk 0:01:24]} Bg7 {[%clk 0:00:58]} 34. hxg6 {[%clk 0:01:25]} hxg6
{[%clk 0:00:59]} 35. Qg4 {[%clk 0:01:20]} e4 {[%clk 0:00:57]} 36. Bf1
{[%clk 0:01:20]} Re5 {[%clk 0:00:48]} 37. Bxc4 {[%clk 0:01:13]} bxc4
{[%clk 0:00:44]} 38. Bf4 {[%clk 0:01:11]} Ree8 {[%clk 0:00:39]} 39. Qg3
{[%clk 0:01:11]} Rcd8 {[%clk 0:00:36]} 40. Re2 {[%clk 0:01:12]} Qc5
{[%clk 0:00:29]} 41. Qh4 {[%clk 0:01:03]} f6 {[%clk 0:00:23]} 42. Be3
{[%clk 0:01:00]} Qc7 {[%clk 0:00:21]} 43. Bd4 {[%clk 0:00:58]} f5
{[%clk 0:00:22]} 44. Re3 {[%clk 0:00:54]} Bxd4 {[%clk 0:00:17]} 45. Rxd4
{[%clk 0:00:55]} Kg7 {[%clk 0:00:16]} 46. Rg3 {[%clk 0:00:50]} Qf7
{[%clk 0:00:15]} 47. Rxc4 {[%clk 0:00:41]} Rh8 48. Qf4 Rh5 {[%clk 0:00:11]} 49.
Qd2 {[%clk 0:00:35]} Rd7 {[%clk 0:00:05]} 50. Rc6 {[%clk 0:00:21]} Qf6
{[%clk 0:00:05]} 51. Rxa6 {[%clk 0:00:20]} Qe5 {[%clk 0:00:04]} 52. Qd4
{[%clk 0:00:06]} f4 {[%clk 0:00:04]} 53. Rg4 {[%clk 0:00:07]} Qxd4 54. cxd4 Rxd5
{[%clk 0:00:05]} 55. Rxf4 Rxd4 56. b4 {[%clk 0:00:07]} Rd1+ 57. Kh2 Re1
{[%clk 0:00:04]} 58. b5 Kh6 59. a4 Kg5 60. Kg3 {[%clk 0:00:11]} Rc7
{[%clk 0:00:05]} 61. Rxd6 Rc3+ 62. f3 e3 63. Rd5+ Kh6 64. Rh4+ Kg7 65. Re4 Rc2
66. Rd7+ Kf6 67. Rd6+ {[%clk 0:00:09]} Kf7 {[%clk 0:00:14]} 68. Rd7+ Kf6 69. Rd6+
Kf7 70. Rde6 {[%clk 0:00:12]} Ree2 {[%clk 0:00:14]} 71. Re7+ Kf6 72. R7e6+
{[%clk 0:00:13]} Kf7 {[%clk 0:00:16]} 73. Rxe3 {[%clk 0:00:10]} Rxg2+
{[%clk 0:00:17]} 74. Kf4 {[%clk 0:00:11]} Rc5 {[%clk 0:00:17]} 75. Re7+ Kf8 76.
Re8+ Kf7 77. R8e7+ Kf8 78. R7e5 {[%clk 0:00:15]} Rc4+ {[%clk 0:00:20]} 79. R3e4
Rc3 80. b6 {[%clk 0:00:12]} Rb3 {[%clk 0:00:19]} 81. Rb5 {[%clk 0:00:12]} g5+
{[%clk 0:00:15]} 82. Ke5 {[%clk 0:00:12]} Rxb5+ {[%clk 0:00:12]} 83. axb5 Rb2 84.
Kd6 {[%clk 0:00:12]} Rxb5 {[%clk 0:00:14]} 85. Kc6 {[%clk 0:00:11]} Rb3
{[%clk 0:00:12]} 86. b7 {[%clk 0:00:12]} Kf7 {[%clk 0:00:12]} 87. Re5
{[%clk 0:00:11]} Kf6 {[%clk 0:00:06]} 88. Rb5 Rc3+ 89. Kd5 {[%clk 0:00:09]} 1-0

[Event "Blitz 2018"]
[Site "Saint-Petersburg"]
[Date "2018.12.29"]
[Round "11"]
[Board "59"]
[White "Tang Andrew (USA)"]
[Black "Saric Ivan (CRO)"]
[Result "1/2-1/2"]
[LiveChessVersion "1.4.8"]
[BlackElo "2572"]
[WhiteElo "2501"]

1. d4 {[%clk 0:03:03]} g6 {[%clk 0:03:04]} 2. c4 {[%clk 0:03:04]} Bg7
{[%clk 0:03:05]} 3. Nc3 {[%clk 0:03:05]} Nf6 {[%clk 0:03:05]} 4. e4
{[%clk 0:03:06]} d6 {[%clk 0:03:07]} 5. f3 {[%clk 0:03:07]} O-O {[%clk 0:03:07]}
6. Nge2 {[%clk 0:03:08]} a6 {[%clk 0:03:06]} 7. Be3 {[%clk 0:03:08]} Nbd7
{[%clk 0:03:07]} 8. Qd2 {[%clk 0:03:09]} b5 {[%clk 0:03:08]} 9. cxb5
{[%clk 0:03:01]} axb5 {[%clk 0:03:09]} 10. Nxb5 {[%clk 0:03:02]} c6
{[%clk 0:03:09]} 11. Na3 {[%clk 0:03:03]} Ba6 {[%clk 0:03:00]} 12. Nc3
{[%clk 0:02:53]} Bxf1 {[%clk 0:02:58]} 13. Rxf1 {[%clk 0:02:53]} e5
{[%clk 0:02:54]} 14. dxe5 {[%clk 0:02:47]} Nxe5 {[%clk 0:02:54]} 15. Kf2
{[%clk 0:02:47]} d5 {[%clk 0:02:13]} 16. exd5 {[%clk 0:02:45]} Rxa3
{[%clk 0:02:05]} 17. bxa3 {[%clk 0:02:34]} Nc4 {[%clk 0:02:06]} 18. Qd3
{[%clk 0:02:31]} Nxe3 {[%clk 0:02:06]} 19. Qxe3 {[%clk 0:02:30]} Re8
{[%clk 0:02:07]} 20. Qa7 {[%clk 0:01:00]} Re7 {[%clk 0:01:24]} 21. Qc5
{[%clk 0:00:37]} Nd7 {[%clk 0:01:25]} 22. Qxc6 {[%clk 0:00:38]} Bd4+
{[%clk 0:01:26]} 23. Kg3 {[%clk 0:00:38]} Re3 {[%clk 0:00:54]} 24. Ne4
{[%clk 0:00:29]} Rxe4 {[%clk 0:00:28]} 25. fxe4 {[%clk 0:00:28]} Qg5+
{[%clk 0:00:29]} 26. Kh3 {[%clk 0:00:29]} Qh5+ {[%clk 0:00:27]} 27. Kg3
{[%clk 0:00:29]} Qg5+ {[%clk 0:00:22]} 28. Kh3 {[%clk 0:00:30]} Qh5+
{[%clk 0:00:09]} 29. Kg3 {[%clk 0:00:29]} Qg5+ {[%clk 0:00:09]} 1/2-1/2

[Event "Blitz 2018"]
[Site "Saint-Petersburg"]
[Date "2018.12.29"]
[Round "11"]
[Board "60"]
[White "Drygalov Sergey (RUS)"]
[Black "Popov Ivan (RUS)"]
[Result "0-1"]
[LiveChessVersion "1.4.8"]
[BlackElo "2560"]
[WhiteElo "2428"]

1. d4 {[%clk 0:03:03]} d5 {[%clk 0:03:03]} 2. Nf3 {[%clk 0:03:04]} Nf6
{[%clk 0:03:05]} 3. c4 {[%clk 0:03:05]} dxc4 {[%clk 0:03:06]} 4. e3
{[%clk 0:03:06]} c5 {[%clk 0:03:06]} 5. Bxc4 {[%clk 0:03:06]} cxd4
{[%clk 0:03:07]} 6. exd4 {[%clk 0:03:07]} g6 {[%clk 0:03:08]} 7. Ne5
{[%clk 0:02:34]} e6 {[%clk 0:03:09]} 8. O-O {[%clk 0:02:31]} Bg7 {[%clk 0:03:10]}
9. Qa4+ {[%clk 0:02:21]} Nbd7 {[%clk 0:02:51]} 10. Bg5 {[%clk 0:01:58]} O-O
{[%clk 0:02:44]} 11. Nc3 {[%clk 0:01:27]} Nb6 {[%clk 0:02:42]} 12. Qd1
{[%clk 0:01:28]} Nxc4 {[%clk 0:02:29]} 13. Nxc4 {[%clk 0:01:29]} h6
{[%clk 0:02:15]} 14. Bh4 {[%clk 0:01:19]} b6 {[%clk 0:02:02]} 15. Bg3
{[%clk 0:00:57]} Ba6 {[%clk 0:01:53]} 16. Qa4 {[%clk 0:00:53]} Bxc4
{[%clk 0:01:33]} 17. Qxc4 {[%clk 0:00:54]} Rc8 {[%clk 0:01:32]} 18. Qa4
{[%clk 0:00:35]} Qd7 {[%clk 0:01:31]} 19. Qxd7 {[%clk 0:00:31]} Nxd7
{[%clk 0:01:32]} 20. Rfd1 {[%clk 0:00:33]} Nf6 {[%clk 0:01:24]} 21. Be5
{[%clk 0:00:31]} Rfd8 {[%clk 0:01:19]} 22. Rac1 {[%clk 0:00:31]} Ng4
{[%clk 0:00:40]} 23. Bxg7 {[%clk 0:00:22]} Kxg7 {[%clk 0:00:41]} 24. Ne2
{[%clk 0:00:18]} Nf6 {[%clk 0:00:37]} 25. f3 {[%clk 0:00:18]} Nd5
{[%clk 0:00:36]} 26. Kf2 {[%clk 0:00:18]} Nb4 {[%clk 0:00:34]} 27. Rxc8
{[%clk 0:00:13]} Rxc8 {[%clk 0:00:35]} 28. a3 {[%clk 0:00:14]} Nd5
{[%clk 0:00:35]} 29. Rc1 {[%clk 0:00:15]} Rxc1 {[%clk 0:00:34]} 30. Nxc1
{[%clk 0:00:16]} g5 {[%clk 0:00:27]} 31. Nd3 {[%clk 0:00:15]} f6 {[%clk 0:00:27]}
32. g3 {[%clk 0:00:09]} Kf7 {[%clk 0:00:27]} 33. Ke2 {[%clk 0:00:10]} Ke7
{[%clk 0:00:28]} 34. Nf2 {[%clk 0:00:10]} Nc7 {[%clk 0:00:12]} 35. Kd3
{[%clk 0:00:09]} f5 {[%clk 0:00:09]} 36. Nd1 {[%clk 0:00:07]} Kd6
{[%clk 0:00:09]} 37. Nc3 {[%clk 0:00:08]} a6 {[%clk 0:00:07]} 38. a4
{[%clk 0:00:08]} b5 {[%clk 0:00:07]} 39. axb5 {[%clk 0:00:05]} axb5
{[%clk 0:00:08]} 40. h4 {[%clk 0:00:03]} b4 {[%clk 0:00:05]} 41. Ne2
{[%clk 0:00:05]} Kd5 {[%clk 0:00:05]} 42. h5 {[%clk 0:00:04]} Nb5
{[%clk 0:00:06]} 43. f4 {[%clk 0:00:04]} g4 {[%clk 0:00:06]} 44. b3
{[%clk 0:00:05]} Nd6 {[%clk 0:00:05]} 45. Ke3 {[%clk 0:00:04]} Ne4
{[%clk 0:00:06]} 46. Kd3 {[%clk 0:00:06]} Nf2+ {[%clk 0:00:06]} 47. Ke3
{[%clk 0:00:07]} Ne4 {[%clk 0:00:07]} 48. Kd3 {[%clk 0:00:08]} Nd6
{[%clk 0:00:08]} 49. Nc1 {[%clk 0:00:07]} Nb5 {[%clk 0:00:09]} 50. Ne2
{[%clk 0:00:08]} Na7 {[%clk 0:00:09]} 51. Ke3 {[%clk 0:00:07]} Nc6
{[%clk 0:00:10]} 52. Kd3 {[%clk 0:00:07]} Na5 {[%clk 0:00:10]} 53. Nc1
{[%clk 0:00:08]} Nc6 {[%clk 0:00:11]} 54. Ne2 {[%clk 0:00:09]} Na7
{[%clk 0:00:10]} 55. Ke3 {[%clk 0:00:09]} Nb5 {[%clk 0:00:11]} 56. Kd3
{[%clk 0:00:08]} Nd6 {[%clk 0:00:12]} 57. Ke3 {[%clk 0:00:05]} Ne4
{[%clk 0:00:13]} 58. Kd3 {[%clk 0:00:06]} Nf6 {[%clk 0:00:13]} 59. Ke3
{[%clk 0:00:03]} Nxh5 {[%clk 0:00:13]} 60. Nc1 {[%clk 0:00:04]} Nxg3
{[%clk 0:00:14]} 61. Nd3 {[%clk 0:00:05]} Nf1+ {[%clk 0:00:09]} 62. Kf2
{[%clk 0:00:06]} Kxd4 {[%clk 0:00:09]} 63. Nxb4 {[%clk 0:00:05]} Nd2
{[%clk 0:00:08]} 64. Nc6+ {[%clk 0:00:06]} Ke4 {[%clk 0:00:08]} 65. b4
{[%clk 0:00:04]} Kxf4 {[%clk 0:00:09]} 66. b5 {[%clk 0:00:06]} Nc4
{[%clk 0:00:09]} 67. Nd8 {[%clk 0:00:04]} Ke5 {[%clk 0:00:07]} 68. Nf7+
{[%clk 0:00:05]} Kd5 {[%clk 0:00:07]} 69. Nxh6 {[%clk 0:00:05]} Kc5
{[%clk 0:00:07]} 70. Nf7 {[%clk 0:00:06]} Kxb5 {[%clk 0:00:06]} 71. Ng5
{[%clk 0:00:05]} e5 {[%clk 0:00:06]} 72. Kg3 {[%clk 0:00:06]} Kc5
{[%clk 0:00:07]} 73. Nf7 {[%clk 0:00:04]} Kd5 {[%clk 0:00:08]} 74. Ng5
{[%clk 0:00:04]} Nd6 {[%clk 0:00:09]} 75. Kf2 {[%clk 0:00:05]} Ne4+
{[%clk 0:00:10]} 0-1